Python Deep Learning (Record no. 228893)

MARC details
000 -LEADER
fixed length control field 00614nam a2200181Ia 4500
008 - FIXED-LENGTH DATA ELEMENTS--GENERAL INFORMATION
fixed length control field 230714s9999 xx 000 0 und d
020 ## - INTERNATIONAL STANDARD BOOK NUMBER
International Standard Book Number 9780000000000
041 ## - LANGUAGE CODE
Language code of text/sound track or separate title eng
082 ## - DEWEY DECIMAL CLASSIFICATION NUMBER
Classification number 005.13'3
Item number VAS
100 ## - MAIN ENTRY--PERSONAL NAME
Personal name Vasilev I.
9 (RLIN) 203315
245 ## - TITLE STATEMENT
Title Python Deep Learning
Remainder of title Exploring Deep Learning Techniques And Neural Network Architectures With PyTorch, Keras And TensorFlow
250 ## - EDITION STATEMENT
Edition statement 2nd ed.
260 ## - PUBLICATION, DISTRIBUTION, ETC. (IMPRINT)
Date of publication, distribution, etc. 2019
Name of publisher, distributor, etc. Packt
300 ## - PHYSICAL DESCRIPTION
Extent 373
365 ## - TRADE PRICE
Currency code Rs.
Price amount 3099.00
700 ## - ADDED ENTRY--PERSONAL NAME
Personal name Vasilev I.; Slater D.; Spacagna G. & Roelants P. and others
9 (RLIN) 203316
906 ## - LOCAL DATA ELEMENT F, LDF (RLIN)
d O:0779301-Feb-2023B:22230-Jan-2023
c TC
b 1239.6

No items available.